000 00690nam a2200265 a 4500
999 _c2849
_d2849
006 a||||er|||| 00| 0
007 ta
008 240320s2020 iia|||er|||| 00| 0 eng d
020 _a9789355734006
_cRs.999.00
040 _aKO
_beng
041 0 _aeng
044 _aii
082 0 4 _223
_a658.421
_bK9654
100 1 _aKuratko, Donald F.
245 1 0 _aEntrepreneurship :
_bTheory, Process, Practice /
_cDonald F. Kuratko
250 _a11th ed.
260 _aDelhi :
_bCengage Learning India,
_c2020
300 _axxviii, 478 p.
_b: ill.
_c; 28 cm.
650 0 _aEntrepreneurship.
650 0 _aSmall business
904 _aRUDRA_R
905 _aR_RANJAN
942 _cBK